[Event "Eschborn op 08th"]
[Site "Eschborn"]
[Date "2011.05.14"]
[Round "3"]
[White "Kolker, Vladislav"]
[Black "Koehler, Stefan"]
[Result "0-1"]
[WhiteElo "2104"]
[BlackElo "2072"]
[PlyCount "54"]
[EventDate "2011.05.13"]
[EventType "swiss"]
[EventRounds "5"]
[EventCountry "GER"]
[SourceTitle "EXT 2014"]
[Source "ChessBase"]
[SourceDate "2013.11.20"]
[SourceVersion "1"]
[SourceVersionDate "2013.11.20"]
[SourceQuality "1"]

1. e4 c5 2. Nf3 e6 3. d3 Nc6 4. g3 d6 5. Bg2 Nf6 6. 0-0 g6 7. Nc3 e5 8. Ne1 Bg7 9. f4 exf4 10. Bxf4 0-0 11. Qd2 Ng4 12. Rb1 Be6 13. Nf3 Nd4 14. h3 Nxf3+ 15. Bxf3 Ne5 16. Bg2 Qd7 17. Kh2 b5 18. a3 a5 19. Bh6 b4 20. Bxg7 Kxg7 21. axb4 axb4 22. Ne2 Ra2 23. Nc1 Ra5 24. c3 bxc3 25. bxc3 Rb5 26. Rxb5 Qxb5 27. d4 Qxf1 0-1

[Event "Karl Mala Memorial op 13th"]
[Site "Frankfurt"]
[Date "2010.07.10"]
[Round "4"]
[White "Lahr, Markus"]
[Black "Koehler, Stefan"]
[Result "0-1"]
[WhiteElo "2006"]
[BlackElo "1975"]
[PlyCount "146"]
[EventDate "2010.07.08"]
[EventType "swiss"]
[EventRounds "7"]
[EventCountry "GER"]
[SourceTitle "EXT 2012"]
[Source "ChessBase"]
[SourceDate "2011.11.24"]
[SourceVersion "1"]
[SourceVersionDate "2011.11.24"]
[SourceQuality "1"]

1. c4 Nf6 2. g3 g6 3. Bg2 Bg7 4. Nc3 0-0 5. Nf3 d6 6. 0-0 e5 7. d3 Nbd7 8. Rb1 Re8 9. Nd2 a6 10. b4 Rb8 11. Nb3 b6 12. d4 Bb7 13. Bxb7 Rxb7 14. e3 e4 15. Qc2 c6 16. Nd2 d5 17. b5 cxb5 18. cxd5 Rc7 19. Qb3 Qc8 20. Bb2 Bf8 21. a3 h5 22. Rbc1 h4 23. Qa2 Bd6 24. Qb1 Rxc3 25. Rxc3 Qb8 26. Rfc1 hxg3 27. fxg3 Bxg3 28. Nf1 Bd6 29. Qc2 Nxd5 30. Rc8 Rxc8 31. Qxc8+ Qxc8 32. Rxc8+ Bf8 33. Rd8 N7f6 34. Kf2 Kg7 35. Ke2 Be7 36. Ra8 a5 37. h3 Nh5 38. Ra7 f5 39. Kd2 Kf6 40. Kc2 g5 41. Bc1 g4 42. hxg4 fxg4 43. Ra8 g3 44. Rg8 Bd6 45. Rg4 Kf5 46. Rg8 Ndf6 47. Nxg3+ Bxg3 48. Rd8 Ke6 49. Kb3 Bd6 50. a4 b4 51. Kc4 Ng7 52. Bb2 Nge8 53. Kb5 Bc7 54. Ra8 Kd7 55. Kc4 Nd6+ 56. Kb3 Nc8 57. Kc4 Ng4 58. Bc1 Bd6 59. Kd5 Nf6+ 60. Kc4 Kc7 61. Kb5 Kb7 62. Rxc8 Kxc8 63. Kxb6 Kd7 64. Kxa5 Kc6 65. Ka6 Nd5 66. a5 b3 67. Ka7 Nxe3 68. a6 Nc4 69. Ka8 e3 70. d5+ Kc7 71. Bxe3 b2 72. a7 b1Q 73. Bb6+ Nxb6# 0-1